[Event "European Youth Chess Championship B14"]
[Site "Prague, Top Hotel Prague"]
[Date "2016.08.18"]
[Round "1.26"]
[White "Nesterov, Arseniy"]
[Black "Martins, Bruno Andre Leite"]
[Result "1/2-1/2"]
[WhiteElo "2216"]
[BlackElo "1878"]
[PlyCount "83"]
[EventDate "2016.08.18"]

1. d4 Nf6 2. c4 g6 3. Nc3 Bg7 4. e4 d6 5. Be2 O-O 6. Bg5 c5 7. d5 e6 8. Qd2
exd5 9. exd5 Qb6 10. Nf3 Bf5 11. O-O Ne4 12. Nxe4 Bxe4 13. Rae1 Nd7 14. b3 Bxf3
15. Bxf3 Rfe8 16. Rxe8+ Rxe8 17. Re1 Rxe1+ 18. Qxe1 Ne5 19. Bd1 h6 20. Bd2 Qd8
21. Qe4 Qe7 22. f4 Nc6 23. Qxe7 Nxe7 24. Bc2 Bd4+ 25. Kf1 Kg7 26. Ke2 Kf6 27.
Kf3 Nf5 28. g4 Nh4+ 29. Ke4 g5 30. f5 Be5 31. h3 Ng2 32. Bd3 Nf4 33. Bf1 Ke7
34. h4 f6 35. hxg5 hxg5 36. b4 b6 37. bxc5 dxc5 38. Be1 Bd4 39. Bg3 Be5 40. Bf2
Kd6 41. Be3 Ke7 42. Bxf4 1/2-1/2

[Event "European Youth Chess Championship B14"]
[Site "Prague, Top Hotel Prague"]
[Date "2016.08.18"]
[Round "1.27"]
[White "Nagy, Ladislav"]
[Black "Petriashvili, Nikoloz"]
[Result "0-1"]
[WhiteElo "1872"]
[BlackElo "2198"]
[PlyCount "44"]
[EventDate "2016.08.18"]

1. e4 c5 2. Nf3 d6 3. d4 cxd4 4. Nxd4 Nf6 5. Nc3 Nc6 6. Be2 g6 7. Be3 Bg7 8. f4
O-O 9. Bf3 Na5 10. Qe2 Nd7 11. Rd1 a6 12. O-O e5 13. Nb3 exf4 14. Bxf4 Ne5 15.
Nxa5 Qxa5 16. Kh1 Be6 17. Nd5 Bxd5 18. Rxd5 Qxa2 19. c3 Rae8 20. Qf2 Nc6 21.
Rfd1 Bxc3 22. Qb6 Bxb2 0-1

[Event "European Youth Chess Championship B14"]
[Site "Prague, Top Hotel Prague"]
[Date "2016.08.18"]
[Round "1.28"]
[White "Mnatsakanian, Arsen"]
[Black "Akulov, Lev"]
[Result "1-0"]
[WhiteElo "2195"]
[BlackElo "1862"]
[PlyCount "61"]
[EventDate "2016.08.18"]

1. e4 c5 2. g3 Nc6 3. Bg2 g6 4. Ne2 Bg7 5. c3 e5 6. O-O Nge7 7. f4 d6 8. d3 O-O
9. Be3 Re8 10. Nd2 Be6 11. Nf3 Qb6 12. fxe5 Nxe5 13. Nxe5 dxe5 14. b4 Qa6 15.
Bxc5 Rad8 16. Nc1 b6 17. Be3 Bc4 18. Qf3 Bxd3 19. Nxd3 Qxd3 20. Qxf7+ Kh8 21.
Bg5 Qd6 22. Bf3 Rb8 23. Rad1 Qc7 24. Bg4 Qb7 25. Bf6 Rg8 26. Qxe7 Qxe4 27.
Bxg7+ Rxg7 28. Rf8+ Rxf8 29. Qxf8+ Rg8 30. Qf6+ Rg7 31. Rd8# 1-0

[Event "European Youth Chess Championship B14"]
[Site "Prague, Top Hotel Prague"]
[Date "2016.08.18"]
[Round "1.29"]
[White "Popvasilev, Kaloyan"]
[Black "Vestby-Ellingsen, Mads"]
[Result "0-1"]
[WhiteElo "1860"]
[BlackElo "2184"]
[PlyCount "96"]
[EventDate "2016.08.18"]

1. e4 e5 2. Nf3 Nc6 3. Nc3 Nf6 4. Bb5 Bb4 5. d3 d6 6. O-O O-O 7. Ne2 Ne7 8. c3
Ba5 9. Ng3 c6 10. Ba4 Ng6 11. d4 Qe7 12. Bc2 Be6 13. Qe2 Bb6 14. h3 Nf4 15.
Bxf4 exf4 16. Nh1 Bf5 17. Rfe1 Rfe8 18. Qd2 Bxe4 19. Qxf4 d5 20. Nd2 Bc7 21.
Qh4 Qd6 22. Nxe4 Qh2+ 23. Kf1 Qxh1+ 24. Ke2 Qh2 25. Kd1 dxe4 26. Re3 Qf4 27.
Qxf4 Bxf4 28. Re2 Rad8 29. b3 Bd6 30. b4 Nd5 31. Kd2 f5 32. Bb3 Kf8 33. Rae1 g6
34. a3 Nf6 35. c4 Be5 36. Kc2 Rxd4 37. h4 Red8 38. f4 Bc7 39. Re3 Rd2+ 40. Kc1
Ng4 41. Rc3 R2d3 42. Rxd3 exd3 43. Kd2 Nf2 44. c5 Ne4+ 45. Ke3 Ng3 46. Rd1 Ne4
47. Bc4 d2 48. Bd3 Rxd3+ 0-1

[Event "European Youth Chess Championship B14"]
[Site "Prague, Top Hotel Prague"]
[Date "2016.08.18"]
[Round "1.30"]
[White "De, Boer Eelke"]
[Black "Mavrev, David"]
[Result "1-0"]
[WhiteElo "2183"]
[BlackElo "1854"]
[PlyCount "87"]
[EventDate "2016.08.18"]

1. e4 e6 2. d4 d5 3. Nc3 Bb4 4. e5 c5 5. a3 Bxc3+ 6. bxc3 Qa5 7. Bd2 Qa4 8. Qg4
Ne7 9. Qxg7 Rg8 10. Qxh7 cxd4 11. Qd3 Nbc6 12. Nf3 Nf5 13. cxd4 Nfxd4 14. Nxd4
Nxd4 15. Rc1 Bd7 16. Be3 Nc6 17. f4 O-O-O 18. Rb1 Qa5+ 19. Qd2 Qxa3 20. c3 Ne7
21. Bd4 Nf5 22. g3 Kb8 23. Bd3 Nxd4 24. cxd4 Rc8 25. O-O Rc3 26. Rfd1 Ba4 27.
Ra1 Qb3 28. Rab1 Qa3 29. Ra1 Qb4 30. Bh7 Bxd1 31. Rxd1 Rg7 32. Bb1 Qa3 33. Bd3
Rb3 34. Kf2 Rg8 35. h4 b5 36. h5 Qb4 37. Qe3 a5 38. h6 Rh8 39. f5 Qf8 40. Rh1
a4 41. Ke2 a3 42. Qd2 b4 43. Rb1 Ka7 44. Qd1 1-0

[Event "European Youth Chess Championship B14"]
[Site "Prague, Top Hotel Prague"]
[Date "2016.08.18"]
[Round "1.31"]
[White "Lavorgna, Filippo"]
[Black "Zimmer, Raphael"]
[Result "0-1"]
[WhiteElo "1849"]
[BlackElo "2180"]
[PlyCount "108"]
[EventDate "2016.08.18"]

1. c4 c5 2. g3 Nf6 3. Bg2 d5 4. cxd5 Nxd5 5. Nc3 Nc7 6. Nf3 Nc6 7. O-O e5 8. a3
f6 9. d3 Be7 10. Rb1 O-O 11. Nd2 Be6 12. Nc4 Qd7 13. a4 Rab8 14. Ra1 b6 15. f4
Nd5 16. Ne3 Ndb4 17. Nc4 Bd6 18. Be3 Bc7 19. fxe5 Nxe5 20. Nxe5 Bxe5 21. a5 Bd4
22. Bxd4 cxd4 23. Qa4 Qxa4 24. Nxa4 Nc2 25. Rac1 Rfc8 26. axb6 axb6 27. b4 Bb3
28. Nb2 Nxb4 29. Nc4 Bxc4 30. dxc4 Rc5 31. Rfd1 Rd8 32. Rd2 Rd6 33. Rb2 Na6 34.
Rcb1 Rxc4 35. Rxb6 Rxb6 36. Rxb6 Nc7 37. Rc6 Rxc6 38. Bxc6 Kf7 39. Kf2 f5 40.
e3 dxe3+ 41. Kxe3 Kf6 42. Bf3 Ke5 43. Kf2 Ne6 44. Kg2 Kd4 45. Bc6 Ke3 46. Bd5
Nd4 47. Bg8 h6 48. h4 Ke4 49. Bh7 Nc2 50. Kh3 Ne3 51. Bg6 Kf3 52. Bh5+ Ng4 53.
Bg6 Nf2+ 54. Kh2 Kg4 0-1

[Event "European Youth Chess Championship B14"]
[Site "Prague, Top Hotel Prague"]
[Date "2016.08.18"]
[Round "1.32"]
[White "Martinovici, Ilie"]
[Black "Martirosyan, Ara"]
[Result "1-0"]
[WhiteElo "2170"]
[BlackElo "1839"]
[PlyCount "89"]
[EventDate "2016.08.18"]

1. d4 Nf6 2. c4 g6 3. Nc3 d5 4. cxd5 Nxd5 5. e4 Nxc3 6. bxc3 Bg7 7. Bc4 c5 8.
Ne2 Nc6 9. Be3 O-O 10. O-O Bg4 11. f3 Bd7 12. Rc1 Qc7 13. Qd2 Rfd8 14. Rfd1 a6
15. Bg5 Be8 16. Bd5 Rd7 17. Bxc6 bxc6 18. Qc2 Qa7 19. Be3 e5 20. dxe5 Bxe5 21.
f4 Bg7 22. e5 Rad8 23. Ng3 f5 24. Rxd7 Rxd7 25. Qb3+ Rd5 26. c4 Rd8 27. Nf1 Bf7
28. Nd2 Bf8 29. Qa3 Be6 30. Nf3 h6 31. Bf2 Be7 32. Bh4 Bxh4 33. Nxh4 Kg7 34.
Nf3 Qb6 35. h4 a5 36. h5 Qb4 37. Qe3 a4 38. Qf2 Bf7 39. Qh4 Rf8 40. Qf6+ Kg8
41. hxg6 Bxc4 42. Qe7 Rb8 43. Qh7+ Kf8 44. g7+ Ke8 45. Rxc4 1-0

[Event "European Youth Chess Championship B14"]
[Site "Prague, Top Hotel Prague"]
[Date "2016.08.18"]
[Round "1.33"]
[White "Alivodic, Dario"]
[Black "Globus, Or"]
[Result "0-1"]
[WhiteElo "1834"]
[BlackElo "2165"]
[PlyCount "81"]
[EventDate "2016.08.18"]

1. d4 Nf6 2. c4 g6 3. Nc3 Bg7 4. e4 d6 5. f3 O-O 6. Bg5 c5 7. Nge2 Nc6 8. d5
Ne5 9. Ng3 h6 10. Be3 h5 11. h4 Bd7 12. Be2 Rb8 13. O-O Ne8 14. Qd2 Kh7 15. f4
Ng4 16. e5 Nc7 17. Nce4 b5 18. Ng5+ Kg8 19. Kh1 bxc4 20. Bxc4 Rb4 21. Rac1 Rxc4
22. Rxc4 Bb5 23. b3 Nxd5 24. Bf2 Bxc4 25. bxc4 Nc7 26. Rd1 Qc8 27. exd6 exd6
28. Bg1 Rd8 29. Bxc5 Ne6 30. Nxe6 Qxe6 31. Qd5 Qe7 32. Ne4 Qxh4+ 33. Kg1 Qh2+
34. Kf1 Qh1+ 35. Ke2 Qxg2+ 36. Kd3 Qf3+ 37. Kc2 Qxf4 38. Nxd6 Rxd6 39. Qxd6
Qxc4+ 40. Kd2 Bc3+ 41. Kc2 0-1

[Event "European Youth Chess Championship B14"]
[Site "Prague, Top Hotel Prague"]
[Date "2016.08.18"]
[Round "1.34"]
[White "Pribelszky, Bence"]
[Black "Fossan, Aleksander"]
[Result "1-0"]
[WhiteElo "2161"]
[BlackElo "1834"]
[PlyCount "81"]
[EventDate "2016.08.18"]

1. e4 c5 2. Nf3 g6 3. d4 cxd4 4. Nxd4 Bg7 5. Nc3 Nc6 6. Be3 Nf6 7. Bc4 O-O 8.
Bb3 a5 9. f3 d5 10. Bxd5 Nxd5 11. Nxd5 f5 12. Nxc6 bxc6 13. Nb6 Rb8 14. Qxd8
Rxd8 15. Rd1 Rxd1+ 16. Kxd1 fxe4 17. Nxc8 Rxc8 18. b3 exf3 19. gxf3 Kf7 20. Bb6
a4 21. bxa4 Ra8 22. a5 Bc3 23. Kc1 Bxa5 24. Bxa5 Rxa5 25. Kb2 Kf6 26. Rg1 Kf5
27. Rg4 g5 28. Re4 e5 29. a4 h5 30. h3 Ke6 31. Kc3 c5 32. Kb3 Kd5 33. Re1 Kc6
34. Rg1 c4+ 35. Kb4 Ra7 36. Rxg5 Kd5 37. f4 Rb7+ 38. Kc3 Ke4 39. fxe5 Ra7 40.
Kxc4 Rxa4+ 41. Kb3 1-0

[Event "European Youth Chess Championship B14"]
[Site "Prague, Top Hotel Prague"]
[Date "2016.08.18"]
[Round "1.35"]
[White "Vuckovic, Marko"]
[Black "Tryggestad, Andreas Garberg"]
[Result "1/2-1/2"]
[WhiteElo "1834"]
[BlackElo "2161"]
[PlyCount "48"]
[EventDate "2016.08.18"]

1. e4 c5 2. Nf3 e6 3. c3 d5 4. exd5 exd5 5. d4 Nf6 6. Bb5+ Bd7 7. Bxd7+ Nbxd7
8. O-O Be7 9. Qb3 c4 10. Qxb7 O-O 11. Qa6 Nb6 12. b3 Ne4 13. Nfd2 Nd6 14. Qa3
Qc7 15. Qb2 f5 16. bxc4 dxc4 17. Qc2 f4 18. Nf3 Nd5 19. Nbd2 Qa5 20. Bb2 Bf6
21. Rfe1 Rfe8 22. Ne5 Nb6 23. Ndf3 Qd5 24. Bc1 Bxe5 1/2-1/2

[Event "European Youth Chess Championship B14"]
[Site "Prague, Top Hotel Prague"]
[Date "2016.08.18"]
[Round "1.36"]
[White "Stefansson, Vignir Vatnar"]
[Black "Zaza, Alexandre"]
[Result "1-0"]
[WhiteElo "2160"]
[BlackElo "1834"]
[PlyCount "65"]
[EventDate "2016.08.18"]

1. Nf3 Nf6 2. g3 g6 3. b4 Bg7 4. Bb2 O-O 5. Bg2 d5 6. O-O c6 7. d3 Nbd7 8. Nbd2
Re8 9. c4 e5 10. Qb3 a5 11. a3 Qb6 12. e4 axb4 13. axb4 Rxa1 14. Rxa1 Ng4 15.
c5 Qc7 16. exd5 cxd5 17. Qxd5 e4 18. Ng5 Ndf6 19. Qb3 e3 20. fxe3 Nxe3 21. Bf3
h6 22. Nge4 Be6 23. Qc3 Ned5 24. Qa3 Bg4 25. Bg2 Nxe4 26. Nxe4 Bxb2 27. Qxb2
Be6 28. Rc1 b6 29. Qd4 Rd8 30. Rf1 bxc5 31. bxc5 Rc8 32. Qf2 Bf5 33. Nd6 1-0

[Event "European Youth Chess Championship B14"]
[Site "Prague, Top Hotel Prague"]
[Date "2016.08.18"]
[Round "1.37"]
[White "Colonetti, Fabio"]
[Black "Vlachos, Anatole"]
[Result "0-1"]
[WhiteElo "1833"]
[BlackElo "2160"]
[PlyCount "154"]
[EventDate "2016.08.18"]

1. e4 c5 2. Nf3 d6 3. d4 cxd4 4. Nxd4 Nf6 5. f3 g6 6. c4 Bg7 7. Be3 Nc6 8. Qd2
O-O 9. Nc3 a6 10. Be2 Ne8 11. Nc2 Rb8 12. O-O Be6 13. Rac1 Nc7 14. Bb6 Qd7 15.
b3 f5 16. Rfd1 Na8 17. Bf2 Qe8 18. Bd3 Qf7 19. Nd5 Rbc8 20. Re1 f4 21. Be2 Ne5
22. Nd4 Bd7 23. Qb4 b6 24. a4 a5 25. Qd2 g5 26. Nb5 Rb8 27. b4 axb4 28. Qxb4 g4
29. Kh1 Nc6 30. Qb1 Qh5 31. fxg4 Bxg4 32. Bxg4 Qxg4 33. Qd3 f3 34. gxf3 Rxf3
35. Qe2 Rbf8 36. Rg1 Qe6 37. Bd4 Ne5 38. Qg2 R8f7 39. Rc2 Kh8 40. Ndc7 Nxc7 41.
Nxc7 Qd7 42. Bxe5 dxe5 43. Nd5 Rb3 44. Rb2 Rxb2 45. Qxb2 Qxa4 46. Nxb6 Qc6 47.
Re1 e6 48. Qb5 Qxb5 49. cxb5 Rb7 50. Rc1 Rxb6 51. Rc8+ Bf8 52. Rxf8+ Kg7 53.
Re8 Kf7 54. Rh8 Kg6 55. Rg8+ Kf6 56. Rf8+ Kg5 57. Kg2 Rxb5 58. Kg3 Rb3+ 59. Kg2
Re3 60. Rh8 Rxe4 61. Rxh7 Rf4 62. Rg7+ Kf6 63. Rg3 e4 64. Ra3 Kf5 65. Kg3 e5
66. Rb3 Rg4+ 67. Kf2 Kf4 68. Rc3 Rg6 69. Rb3 Ra6 70. Rg3 Ra2+ 71. Ke1 Rxh2 72.
Ra3 e3 73. Ra8 Ke4 74. Ra4+ Kf3 75. Kd1 Rh1+ 76. Kc2 e2 77. Ra3+ Kf2 0-1

[Event "European Youth Chess Championship B14"]
[Site "Prague, Top Hotel Prague"]
[Date "2016.08.18"]
[Round "1.38"]
[White "Chukavin, Kirill"]
[Black "Dobrin, Ionut-Alexandru"]
[Result "0-1"]
[WhiteElo "2146"]
[BlackElo "1829"]
[PlyCount "104"]
[EventDate "2016.08.18"]

1. e4 c5 2. Nf3 d6 3. d4 cxd4 4. Nxd4 Nf6 5. Nc3 g6 6. g3 Bg7 7. Bg2 O-O 8. O-O
Nc6 9. Nde2 Be6 10. h3 Qc7 11. Nd5 Bxd5 12. exd5 Ne5 13. b3 Rac8 14. c4 a6 15.
Nd4 Rb8 16. a4 Rfc8 17. Be3 Ned7 18. g4 Nc5 19. Ra2 e5 20. dxe6 Nxe6 21. Nxe6
fxe6 22. a5 Qe7 23. f4 Rd8 24. Bb6 Rd7 25. Re2 e5 26. fxe5 dxe5 27. Qe1 Re8 28.
b4 Qe6 29. g5 Nh5 30. Bd5 Rxd5 31. cxd5 Qxd5 32. Qh4 e4 33. Rfe1 Re5 34. Be3
Rf5 35. Rf2 Bc3 36. Rxf5 gxf5 37. Rc1 Bd4 38. Qf2 Bxe3 39. Qxe3 f4 40. Qc5
Qxc5+ 41. Rxc5 e3 42. Kg2 Ng7 43. Rc7 Ne6 44. Rxb7 Nd4 45. Re7 f3+ 46. Kg1 Nf5
47. Re8+ Kg7 48. b5 f2+ 49. Kg2 Ng3 50. Re7+ Kf8 51. Kxg3 f1=Q 52. Rxe3 Qxb5
0-1

[Event "European Youth Chess Championship B14"]
[Site "Prague, Top Hotel Prague"]
[Date "2016.08.18"]
[Round "1.39"]
[White "Nehyba, Martin"]
[Black "Kalavannan, Koby"]
[Result "0-1"]
[WhiteElo "1824"]
[BlackElo "2146"]
[PlyCount "64"]
[EventDate "2016.08.18"]

1. e4 c5 2. Nf3 Nc6 3. d4 cxd4 4. Nxd4 g6 5. Nc3 Bg7 6. Be3 Nf6 7. f3 O-O 8.
Qd2 d5 9. Nxc6 bxc6 10. e5 Ne8 11. f4 f6 12. exf6 Nxf6 13. Be2 Ng4 14. Bxg4
Bxg4 15. Bd4 Bxd4 16. Qxd4 Qb8 17. O-O Qxb2 18. Rab1 Qa3 19. Rfe1 Qd6 20. g3
Rf6 21. Rb7 Re6 22. Rxe6 Qxe6 23. Kf2 Bf5 24. Qc5 Qd6 25. Qxd6 exd6 26. Rc7 d4
27. Ne2 c5 28. c3 d3 29. Ng1 Re8 30. Rc6 d5 31. Rxc5 d4 32. Nf3 Bg4 0-1

[Event "European Youth Chess Championship B14"]
[Site "Prague, Top Hotel Prague"]
[Date "2016.08.18"]
[Round "1.40"]
[White "Amon, Nejc"]
[Black "Vorisek, Jakub"]
[Result "1-0"]
[WhiteElo "2138"]
[BlackElo "1813"]
[PlyCount "69"]
[EventDate "2016.08.18"]

1. e4 c5 2. Nf3 Nc6 3. d4 cxd4 4. Nxd4 g6 5. Nc3 Bg7 6. Be3 Nf6 7. Bc4 Qa5 8.
O-O O-O 9. Bb3 d6 10. h3 Bd7 11. Re1 Rac8 12. Qd2 Rfd8 13. Rad1 Ne5 14. f4 Nc4
15. Bxc4 Rxc4 16. Nb3 Qc7 17. e5 dxe5 18. Nb5 Qc8 19. Nxa7 Qc7 20. Nb5 Qc8 21.
Na3 Rc6 22. fxe5 Nh5 23. Bg5 f6 24. exf6 exf6 25. Bh6 Bxh6 26. Qxh6 Be6 27. Nd4
Rcd6 28. Nab5 Rb6 29. Qe3 Bf7 30. Nf5 Re6 31. Qxe6 Bxe6 32. Ne7+ Kf7 33. Nxc8
Rxd1 34. Rxd1 Bxc8 35. Nd6+ 1-0

[Event "European Youth Chess Championship B14"]
[Site "Prague, Top Hotel Prague"]
[Date "2016.08.18"]
[Round "1.41"]
[White "Kuznecovs, Nikita"]
[Black "Milosevic, Milos"]
[Result "1-0"]
[WhiteElo "1809"]
[BlackElo "2132"]
[PlyCount "61"]
[EventDate "2016.08.18"]

1. Nf3 Nf6 2. g3 d6 3. d4 Nbd7 4. Nc3 e5 5. e4 Be7 6. Bg2 O-O 7. O-O c6 8. Re1
b5 9. Nh4 b4 10. Nb1 g6 11. a3 bxa3 12. b3 exd4 13. Qxd4 Ng4 14. Rxa3 Qc7 15.
h3 Ngf6 16. Be3 c5 17. Qa1 Nb6 18. Nc3 Be6 19. Rd1 Nfd7 20. Nb5 Qb8 21. Nxa7
Bf6 22. Qa2 c4 23. e5 cxb3 24. cxb3 Bxh4 25. gxh4 Nxe5 26. Ra6 Nbd7 27. Rdxd6
Bxb3 28. Qa1 Bc4 29. Rxd7 Nxd7 30. Nc6 Rxa6 31. Ne7# 1-0

[Event "European Youth Chess Championship B14"]
[Site "Prague, Top Hotel Prague"]
[Date "2016.08.18"]
[Round "1.42"]
[White "Stevanic, David"]
[Black "Ocko, Dominik"]
[Result "1-0"]
[WhiteElo "2127"]
[BlackElo "1784"]
[PlyCount "47"]
[EventDate "2016.08.18"]

1. e4 c5 2. c3 d5 3. exd5 Qxd5 4. d4 g6 5. Nf3 Bg7 6. Na3 a6 7. Bc4 Qc6 8. Qb3
e6 9. d5 Qd7 10. dxe6 fxe6 11. O-O Ne7 12. Ng5 Qc6 13. Nxe6 Bxe6 14. Bxe6 b5
15. Re1 Rf8 16. Bg5 Ra7 17. Bd5 Qc8 18. Nxb5 axb5 19. Qxb5+ Kd8 20. Rad1 Rd7
21. Rxe7 Bf6 22. Rxd7+ Qxd7 23. Qxb8+ Qc8 24. Qd6+ 1-0

[Event "European Youth Chess Championship B14"]
[Site "Prague, Top Hotel Prague"]
[Date "2016.08.18"]
[Round "1.43"]
[White "Polansky, Adam Lubos"]
[Black "Nowak, Mikolaj"]
[Result "0-1"]
[WhiteElo "1773"]
[BlackElo "2123"]
[PlyCount "82"]
[EventDate "2016.08.18"]

1. d4 f5 2. Nc3 Nf6 3. Bg5 g6 4. Bxf6 exf6 5. e3 d5 6. Qf3 Be6 7. Nge2 c6 8.
Nf4 Bf7 9. h4 Nd7 10. Bd3 Bb4 11. Nfe2 Qa5 12. h5 Ke7 13. hxg6 hxg6 14. O-O-O
b5 15. g4 Bxc3 16. Nxc3 b4 17. Nb1 Qxa2 18. gxf5 g5 19. Rde1 Nb6 20. e4 Rxh1
21. Qxh1 dxe4 22. Qxe4+ Kf8 23. Qe7+ Kg7 24. Qxb4 Nd5 25. Qa3 Nf4 26. Be4 Qc4
27. Qc5 Ne2+ 28. Kd1 Qxd4+ 29. Qxd4 Nxd4 30. c3 Bh5+ 31. f3 Nxf3 32. Rh1 Nh4+
33. Kc2 Bg4 34. Bxc6 Bxf5+ 35. Kb3 Rb8+ 36. Ka3 Ng6 37. b4 Ne5 38. Bd5 Bd3 39.
Nd2 f5 40. Re1 Kf6 41. c4 Rd8 0-1

[Event "European Youth Chess Championship B14"]
[Site "Prague, Top Hotel Prague"]
[Date "2016.08.18"]
[Round "1.44"]
[White "Sahin, Doga Boran"]
[Black "Pavlik, Vladimir"]
[Result "1-0"]
[WhiteElo "2107"]
[BlackElo "1749"]
[PlyCount "37"]
[EventDate "2016.08.18"]

1. e4 d6 2. d4 Nf6 3. Nc3 Nbd7 4. Nf3 e5 5. dxe5 dxe5 6. Bc4 Be7 7. O-O O-O 8.
Qe2 c6 9. a4 a5 10. Rd1 Qc7 11. Bg5 h6 12. Bh4 Nc5 13. Bg3 Bd6 14. h3 Be6 15.
Nh4 Rfe8 16. Bxe6 Nxe6 17. Nf5 Nd4 18. Nxd4 exd4 19. Bxd6 1-0

[Event "European Youth Chess Championship B14"]
[Site "Prague, Top Hotel Prague"]
[Date "2016.08.18"]
[Round "1.45"]
[White "Mao, Ximan"]
[Black "Kozak, Antoni"]
[Result "0-1"]
[WhiteElo "1731"]
[BlackElo "2102"]
[PlyCount "102"]
[EventDate "2016.08.18"]

1. d4 Nf6 2. c4 e6 3. Nc3 Bb4 4. e3 O-O 5. Bd3 b6 6. Nf3 Bb7 7. O-O Bxc3 8.
bxc3 Ne4 9. Qc2 f5 10. Nd2 Nxd2 11. Qxd2 d6 12. f4 Nd7 13. Be2 Nf6 14. Bf3 Be4
15. Qf2 Rc8 16. Rd1 Qe8 17. Kh1 c5 18. d5 e5 19. Rg1 exf4 20. exf4 Qa4 21. Qf1
Qc2 22. Qe2 Qa4 23. a3 Rce8 24. Qf1 Rf7 25. Ra2 Rfe7 26. Bd1 Qa6 27. Rf2 h5 28.
h3 Qa5 29. Bb2 h4 30. Kh2 b5 31. cxb5 Bxd5 32. c4 Re1 33. Qd3 R8e3 34. Qxf5
Rxg1 35. Kxg1 Re1+ 36. Kh2 Rxd1 37. cxd5 Qe1 38. Qe6+ Qxe6 39. dxe6 Ne4 40. Rc2
Rb1 41. e7 Kf7 42. Re2 d5 43. a4 Ke8 44. g4 hxg3+ 45. Kg2 c4 46. a5 c3 47. b6
axb6 48. a6 cxb2 49. a7 Ra1 50. Rxb2 Rxa7 51. Rxb6 Kxe7 0-1

[Event "European Youth Chess Championship B14"]
[Site "Prague, Top Hotel Prague"]
[Date "2016.08.18"]
[Round "1.46"]
[White "Parkhov, Yair"]
[Black "Nemec, David"]
[Result "1/2-1/2"]
[WhiteElo "2102"]
[BlackElo "1721"]
[PlyCount "99"]
[EventDate "2016.08.18"]

1. d4 d5 2. c4 e6 3. Nf3 Nf6 4. g3 c6 5. Bg2 Nbd7 6. O-O Bd6 7. Qc2 O-O 8. b3
e5 9. cxd5 Nxd5 10. Bb2 Re8 11. Nc3 Nxc3 12. Qxc3 Qe7 13. Rad1 f6 14. e4 exd4
15. Nxd4 Bc7 16. Qc2 Ne5 17. Nf5 Bxf5 18. exf5 Red8 19. Qe4 Rxd1 20. Rxd1 Rd8
21. Re1 Qc5 22. Rc1 Qd6 23. Bc3 Qc5 24. Bd2 Qd6 25. Be3 Bb6 26. Bf4 Qa3 27. Qc2
Ng4 28. Rf1 Qb4 29. Bf3 Nxf2 30. Rxf2 Bxf2+ 31. Kxf2 Qe7 32. Qe4 Qa3 33. Qc2
Re8 34. Be3 a6 35. Bh5 Rd8 36. Be2 Qd6 37. Qe4 Kh8 38. Bf4 Qa3 39. Qc2 Qb4 40.
h4 Re8 41. Qd3 Qc5+ 42. Be3 Qe5 43. a4 Qe7 44. Qd4 Rd8 45. Qf4 Re8 46. g4 Qd7
47. Qd4 Qe7 48. Qf4 Qd7 49. Bc4 Qd1 50. Qf3 1/2-1/2

[Event "European Youth Chess Championship B14"]
[Site "Prague, Top Hotel Prague"]
[Date "2016.08.18"]
[Round "1.47"]
[White "Matis, Tibor"]
[Black "Levitskiy, Andrey"]
[Result "0-1"]
[WhiteElo "1709"]
[BlackElo "2101"]
[PlyCount "60"]
[EventDate "2016.08.18"]

1. e4 c5 2. Nf3 Nc6 3. d4 cxd4 4. Nxd4 g6 5. Be3 Bg7 6. Qd2 Nf6 7. f3 O-O 8.
Nc3 d5 9. Nxc6 bxc6 10. Rd1 Qc7 11. Bd3 Rd8 12. Bf2 dxe4 13. fxe4 Ng4 14. h3
Nxf2 15. Qxf2 Be5 16. Ne2 Be6 17. b3 Qa5+ 18. Rd2 Qxa2 19. O-O Qa5 20. Rdd1 Qb6
21. Qxb6 axb6 22. Nf4 Bxf4 23. Rxf4 c5 24. Rff1 Rd4 25. Kf2 Rad8 26. Ke2 Kg7
27. Rd2 b5 28. c3 R4d7 29. Rfd1 Bxb3 30. Rb1 c4 0-1

[Event "European Youth Chess Championship B14"]
[Site "Prague, Top Hotel Prague"]
[Date "2016.08.18"]
[Round "1.48"]
[White "Golikov, Daniil"]
[Black "Matus, Filip"]
[Result "1-0"]
[WhiteElo "2098"]
[BlackElo "1700"]
[PlyCount "61"]
[EventDate "2016.08.18"]

1. c4 e6 2. Nc3 d5 3. d4 Nf6 4. cxd5 exd5 5. Bg5 Be7 6. e3 O-O 7. Bxf6 Bxf6 8.
Bd3 c6 9. Qc2 g6 10. Nge2 Nd7 11. b4 a6 12. a4 Be7 13. Rb1 Nf6 14. O-O Bd7 15.
b5 axb5 16. axb5 Ra3 17. bxc6 bxc6 18. Na4 Rxd3 19. Qxd3 Bf5 20. Qb3 Bxb1 21.
Rxb1 Qc7 22. g3 Ne4 23. Rc1 Rc8 24. Nf4 Nf6 25. Nd3 Bd6 26. Nac5 Bxc5 27. Rxc5
Nd7 28. Rc1 Nb8 29. Nb4 Qd7 30. Rc5 Qb7 31. Qc3 1-0

[Event "European Youth Chess Championship B14"]
[Site "Prague, Top Hotel Prague"]
[Date "2016.08.18"]
[Round "1.49"]
[White "Kopec, Ladislav"]
[Black "Morgunov, Daniel"]
[Result "0-1"]
[WhiteElo "1697"]
[BlackElo "2098"]
[PlyCount "96"]
[EventDate "2016.08.18"]

1. e4 c5 2. Nf3 a6 3. c4 d6 4. d4 Bg4 5. dxc5 Bxf3 6. Qxf3 dxc5 7. Be3 e6 8.
Nc3 Nc6 9. Rd1 Qc7 10. Be2 Nf6 11. O-O Be7 12. Bf4 Qb6 13. Qg3 Nd4 14. Bf3
O-O-O 15. Rb1 g5 16. Be5 h5 17. Bd1 Rhg8 18. a3 h4 19. Qe3 Nd7 20. Na4 Qa7 21.
Bxd4 cxd4 22. Qd2 g4 23. b4 g3 24. h3 gxf2+ 25. Kh1 Rg3 26. Rxf2 Bg5 27. Qe2 d3
28. Qa2 Be3 29. Rxf7 Rdg8 30. Bf3 Ne5 31. c5 R8g6 32. Nb6+ Kd8 33. Qb3 Qb8 34.
Qa4 Rg7 35. Rxg7 Rxg7 36. Rf1 Rf7 37. Rd1 Qc7 38. Bh5 Rf8 39. Qb3 Ke7 40. Nc4
Nxc4 41. Qxc4 d2 42. Bg4 Rf6 43. Qc3 Qg3 44. Qd3 Qe1+ 45. Kh2 Bf4+ 46. g3 hxg3+
47. Kg2 Qf2+ 48. Kh1 g2# 0-1

[Event "European Youth Chess Championship B14"]
[Site "Prague, Top Hotel Prague"]
[Date "2016.08.18"]
[Round "1.50"]
[White "Michaelides, Konstantinos"]
[Black "Stage-Steffensen, Sander"]
[Result "1-0"]
[WhiteElo "2092"]
[BlackElo "1688"]
[PlyCount "55"]
[EventDate "2016.08.18"]

1. e4 d6 2. d4 Nf6 3. Nc3 Nbd7 4. Nf3 e5 5. Bc4 Be7 6. O-O c6 7. a4 Qc7 8. Ba2
h6 9. Nh4 g6 10. g3 Nf8 11. f4 exf4 12. Bxf4 g5 13. e5 gxf4 14. exf6 Bxf6 15.
Rxf4 Bxh4 16. Bxf7+ Kd8 17. gxh4 Rh7 18. Qf3 Rg7+ 19. Kh1 Bg4 20. Qf2 Bh3 21.
Rg1 Rxg1+ 22. Kxg1 Ke7 23. Bb3 Qa5 24. Rf7+ Kd8 25. Rxf8+ Kc7 26. Rxa8 Qh5 27.
Rg8 a5 28. Qf6 1-0

[Event "European Youth Chess Championship B14"]
[Site "Prague, Top Hotel Prague"]
[Date "2016.08.18"]
[Round "1.51"]
[White "Pravda, Krystof"]
[Black "Yeritsyan, Aram"]
[Result "1-0"]
[WhiteElo "1682"]
[BlackElo "2091"]
[PlyCount "118"]
[EventDate "2016.08.18"]

1. e4 c5 2. Bc4 Nc6 3. c3 Nf6 4. Qe2 d5 5. exd5 Nxd5 6. Nf3 Nf4 7. Qe4 Nxg2+ 8.
Kf1 f5 9. Ne5 Nxe5 10. Qxe5 Nh4 11. Qxc5 e6 12. Qe3 Be7 13. Rg1 O-O 14. Bxe6+
Kh8 15. d4 f4 16. Qe4 Bxe6 17. Qxe6 Nf3 18. Rg2 g5 19. Nd2 Rf6 20. Qe4 Nh4 21.
Rxg5 Qd7 22. Ke1 Bd6 23. Kd1 Re8 24. Qd3 Qe6 25. Rg1 f3 26. b3 Qe2+ 27. Kc2
Bxh2 28. Rf1 Ng2 29. Ba3 Bf4 30. d5 Bxd2 31. Qxd2 Qa6 32. Qd4 Re2+ 33. Kd1 Re4
34. Qxe4 Qxf1+ 35. Kc2 Qxf2+ 36. Kb1 Qf1+ 37. Bc1 Qe2 38. Qd4 Qe7 39. Bg5 Kg7
40. Kb2 Qe2+ 41. Ka3 Qa6+ 42. Kb4 Qb6+ 43. Qxb6 Rxb6+ 44. Kc5 Rg6 45. Be7 Kf7
46. d6 Ne3 47. Bh4 Rh6 48. d7 Rc6+ 49. Kd4 Nc2+ 50. Ke5 Re6+ 51. Kf5 Rd6 52.
Rc1 Ne3+ 53. Ke4 Rxd7 54. Kxe3 Ke6 55. Kxf3 Rd2 56. Re1+ Kd6 57. Be7+ Kc6 58.
a4 Rb2 59. b4 Rh2 1-0